| 000 | 00808nam a2200265Ia 4500 | ||
|---|---|---|---|
| 008 | 130821s2000 sp gr spa | ||
| 020 | _a84 8403 298 1 | ||
| 040 |
_aCo-BoUCM _bspa |
||
| 041 | 0 | 0 | _aspa |
| 100 | 1 |
_aGuerber, H.A. _9169764 |
|
| 245 | 1 | 0 |
_aGrecia y Roma _cH.A. Guerber ; traducción Seuk Kwon |
| 260 |
_aMadrid (España) _bEdimat Libros _c[2000] |
||
| 300 | _a383 páginas | ||
| 490 | 0 | _aMitología | |
| 500 | _aDonación UCM-C-ARRAYANES. | ||
| 500 | _aIncluye índice. | ||
| 650 |
_aLeyendas _zEuropa _918449 |
||
| 650 |
_aMitología griega _919635 |
||
| 650 |
_aMitología romana _919644 |
||
| 650 |
_aMitología _919626 |
||
| 700 | 1 |
_aKwon, Seuk _etr. _9170006 |
|
| 765 | 0 | _tGreece and rome | |
| 942 |
_cLIBRO _a4 _e1 _mG929g _2DEWEY _h291.13 |
||
| 999 |
_c78506 _d78506 |
||